Paris Saint-Germain Best Scorer By Year - Statistics

General Stats
  • This quiz has been taken 1,994 times
    328 since last reset
  • The average score is 8 of 34
Answer Stats
Player % Correct
Kylian Mbappé
100%
Ousmane Dembélé
96%
Zlatan Ibrahimović
96%
Edinson Cavani
95%
Ronaldinho
64%
Pauleta
51%
George Weah
39%
Nenê
34%
David Ginola
31%
Guillaume Hoarau
26%
Raí
26%
Mevlüt Erdinç
16%
Amara Diané
11%
Dominique Rocheteau
11%
Safet Sušić
11%
Mustapha Dahleb
10%
Marco Simone
9%
Patrice Loko
7%
Carlos Bianchi
6%
Christian
4%
François M'Pele
4%
Julio Dely Valdés
4%
Laurent Robert
4%
Aloísio
3%
Daniel Xuereb
2%
Vahid Halilhodžić
2%
Christian Pérez
1%
Ivo Šurjak
1%
Jean-Claude Bras
1%
Jean-François Beltramini
1%
Kees Kist
1%
Michel N'Gom
1%
Oumar Sène
1%
Zlatko Vujović
1%
No matching quizzes found
Score Distribution
Percent of People with Each Score
Percentile by Number Answered
Your Score History
You have not taken this quiz since the last reset